Statistiche per Città dal Satellite #2

Clicka qui per fare il quiz!

Statistiche generali

  • Questo quiz è stato fatto 40 volte
  • Il punteggio medio è 5 su 15

Statistiche sulle risposte

Risposta% Corretto
Napoli
85%
Parigi
85%
New York
82%
Tokyo
41%
San Francisco
38%
Hong Kong
32%
Seattle
32%
Lagos
21%
La Mecca
21%
San Pietroburgo
21%
Toronto
18%
Marsiglia
15%
Città del Capo
12%
New Orleans
12%
Manila
3%

Distribuzione punteggi

Percentile per numero di risposta

Percentuale di utenti per punteggio

I tuoi punteggi nel tempo

Non hai fatto questo quiz